Les véhicules de Call of Duty: Mobile - Statistiques

Statistiques générales
  • Ce quiz a été pris 58 fois
    41 depuis la dernière actualisation
  • Le résultat moyen est 5 sur 15
Statistiques - réponses
Réponse % Correct
Moto
86%
Moto
86%
Hélicoptère
81%
Quad
78%
Char
33%
Snowboard
31%
Jackal
28%
Muscle car
22%
Voiture de rallye
19%
Tout-terrain
14%
Antelope A20
8%
Hoverbike
8%
Over board
8%
Hors-bord
6%
Camion de cargaison
3%
Aucun quiz correspondant
Distribution des résultats
% des personnes avec chaque résultat
Percentile par nombre de réponses
Votre historique - résultats
Vous n’avez pas pris ce quiz depuis la dernière actualisation